000 00622nam a22002057a 4500
003 OSt
005 20220107122720.0
008 130817b xxu||||| |||| 00| 0 eng d
020 _a9781402087349
040 _cIIITM-K
082 _a005.12 ELL/I
245 _aInnovations and advanced techniques in systems, computing sciences and software engineering
_cedited by Khaled elleithy
260 _aUSA,
_bSpringer,
_c2008.
300 _axv, 569p.
650 _aCOMPUTER SCIENCE
_91726
650 _aCOMPUTER ENGINEERING
_91727
650 _aSOFTWARE ENGINEERING
_91728
700 _aElleithy, Khaled
_91729
942 _2ddc
_cBK
999 _c3216
_d3216